| 000 | 00502nam a2200169Ia 4500 | ||
|---|---|---|---|
| 005 | 20250508160241.0 | ||
| 008 | 008 250505s9999 xx 000 0 eng d | ||
| 037 | _aBooks to be hide in OPAC | ||
| 040 |
_aFEDL _beng _cFEDL |
||
| 041 |
_aeng _2eng |
||
| 084 |
_a370.954 5, PUN/O _qFEDL |
||
| 245 | 0 | _aAnnual report on the progress of education in the Punjab for the year 1958-59 | |
| 260 | _c1962 | ||
| 300 | _a217p. | ||
| 942 |
_cHB _h370.954 5, PUN/O |
||
| 999 |
_c1363072 _d1363072 |
||